[Event "Tourn. n9270"]
[Site "www.chess-mail.com"]
[Date "2017.03.08"]
[Round "1"]
[White "Coolant"]
[Black "Jackbauer"]
[WhiteElo "2070"]
[BlackElo "1920"]
[Result "1-0"]
[Round "1"]
1.Nb1c3 c5
2.Ng1f3 d6
3.e4 Bc8g4
4.Bf1b5 Bg4d7
5.Bb5c4 e6
6.O-O Ng8f6
7.d4 e5
8.dxe5 dxe5
9.Nf3xe5 Qd8c7
10.Bc4xf7 Ke7
11.Bc1f4 Qc7d8
12.Bf7c4 Nb8c6
13.Nc3d5 Ke8
14.Nd5xf6 gxf6
15.Qd1h5 { resign }
1-0

[Event "Tourn. n9225"]
[Site "www.chess-mail.com"]
[Date "2017.03.08"]
[Round "1"]
[White "Cal"]
[Black "Robinjut"]
[WhiteElo "1640"]
[BlackElo "1540"]
[Result "1-0"]
[Round "1"]
1.c4 e5
2.e4 d6
3.d3 Nb8c6
4.h3 a6
5.Bc1e3 h6
6.Ng1f3 Bf8e7
7.a3 Ng8f6
8.Bf1e2 Bc8e6
9.b3 O-O
10.O-O b5
11.cxb5 Nc6a5
12.b4 Na5b7
13.Nb1c3 a5
14.bxa5 Nb7xa5
15.a4 Na5b3
16.Nf3h4 Nb3xa1
17.Qd1xa1 Nf6d7
18.f4 exf4
19.Be3xf4 Nd7c5
20.a5 Nc5b3
21.Qa1e1 Ra8xa5
22.d4 Ra5a1
23.Qe1g3 g5
24.Nh4f5 Be6xf5
25.exf5 Ra1xf1
26.Be2xf1 Nb3xd4
27.Bf4e3 Nd4xf5
28.Qg3f3 Nf5xe3
29.Bf1e2 Ne3c2
30.Qf3e4 Nc2a3
31.g4 Qd8a8
32.Qe4xe7 Qa8a7
33.Kg2 Qa7d4
34.Qe7xc7 Qd4c5
35.b6 Qc5xc7
36.bxc7 Rf8c8
37.Nc3d5 Na3c2
38.Nd5e7 { resign }
1-0

[Event "Tourn. n9243"]
[Site "www.chess-mail.com"]
[Date "2017.03.08"]
[Round "1"]
[White "Actmy"]
[Black "Xkafi"]
[WhiteElo "2290"]
[BlackElo "2000"]
[Result "1-0"]
[Round "1"]
1.d4 c5
2.d5 Ng8f6
3.c4 e6
4.Nb1c3 h6
5.e4 exd5
6.exd5 Bf8d6
7.Ng1f3 O-O
8.h3 Rf8e8
9.Bf1e2 Nf6h5
10.O-O Nb8a6
11.Rf1e1 Na6b4
12.a3 Nb4a6
13.Nc3b5 Bd6b8
14.d6 Re8e6
15.Nf3g5 hxg5
16.Be2xh5 Qd8f6
17.Re1xe6 Qf6xe6
18.Bc1xg5 Qe6xc4
19.Qd1f3 Qc4e6
20.Bg5d2 c4
21.Ra1e1 Qe6f6
22.Re1e8 Kh7
23.Qf3e4 g6
24.Bh5xg6 Qf6xg6
25.Qe4h4 { resign }
1-0

[Event "Tourn. n9242"]
[Site "www.chess-mail.com"]
[Date "2017.03.08"]
[Round "1"]
[White "Xkafi"]
[Black "Orhany24"]
[WhiteElo "2000"]
[BlackElo "2240"]
[Result "0-1"]
[Round "1"]
1.e4 e5
2.Bf1c4 Ng8f6
3.d3 c6
4.Nb1c3 a6
5.a3 d5
6.exd5 cxd5
7.Bc4b3 h6
8.Qd1f3 d4
9.Nc3e4 Bf8e7
10.h3 O-O
11.Ng1e2 Nb8c6
12.Ne2g3 Kh7
13.Bc1d2 Bc8e6
14.c4 dxc3
15.Bb3xe6 cxd2
16.Ne4xd2 fxe6
17.O-O Qd8d5
18.Qf3e2 Nc6d4
19.Qe2d1 Ra8c8
20.Ra1c1 b5
21.Rf1e1 Be7d6
22.Nd2e4 Nf6xe4
23.Ng3xe4 Bd6e7
24.Qd1g4 Rf8f4
25.Qg4d1 Rc8f8
26.Rc1c5 Be7xc5
{ resign }
0-1

[Event "Tourn. n9187"]
[Site "www.chess-mail.com"]
[Date "2017.03.08"]
[Round "1"]
[White "Pinehill"]
[Black "Rovaniaina"]
[WhiteElo "2090"]
[BlackElo "1969"]
[Result "1-0"]
[Round "1"]
1.e4 c5
2.Ng1f3 d6
3.d4 cxd4
4.Nf3xd4 Ng8f6
5.Nb1c3 e6
6.Bf1e2 Nb8c6
7.Bc1e3 e5
8.Nd4b5 Bf8e7
9.f3 O-O
10.Qd1d2 a6
11.Nb5a3 b5
12.Nc3d5 Nc6d4
13.Nd5xe7 Qd8xe7
14.Be3xd4 exd4
15.Qd2xd4 Ra8b8
16.c3 Bc8e6
17.Na3c2 Rb8d8
18.Nc2b4 Rd8d7
19.Nb4xa6 d5
20.Na6c5  { time }
1-0

[Event "Tourn. n9226"]
[Site "www.chess-mail.com"]
[Date "2017.03.08"]
[Round "1"]
[White "Piriot"]
[Black "Pdebonis"]
[WhiteElo "2319"]
[BlackElo "2430"]
[Result "0-1"]
[Round "1"]
1.Ng1f3 d5
2.d4 Ng8f6
3.c4 c6
4.Nb1c3 dxc4
5.a4 Bc8f5
6.e3 e6
7.Bf1xc4 Nb8d7
8.O-O Bf8b4
9.Qd1b3 a5
10.Nf3h4 O-O
11.Nh4xf5 exf5
12.Nc3a2 Bb4d6
13.Bc4d3 g6
14.Qb3xb7 Bd6xh2
15.Kxh2 Nf6g4
16.Kg3 Nd7c5
17.dxc5 Qd8xd3
18.Rf1h1 Qd3e2
19.Qb7c7 g5
20.Kh3 Ng4xf2
21.Kh2 Ra8d8
22.Na2c3 Qe2h5
23.Kg1 Nf2xh1
{ resign }
0-1

[Event "Tourn. n9265"]
[Site "www.chess-mail.com"]
[Date "2017.03.08"]
[Round "1"]
[White "Nulladies"]
[Black "Libiesse"]
[WhiteElo "1780"]
[BlackElo "1830"]
[Result "1/2-1/2"]
[Round "1"]
1.d4 d5
2.Bc1f4 Ng8f6
3.Ng1f3 e6
4.e3 c5
5.c3 cxd4
6.exd4 Nb8c6
7.h3 Bf8d6
8.Nf3e5 Qd8c7
9.Bf1d3 a6
10.Qd1e2 O-O
11.Nb1d2 b5
{ draw }
1/2-1/2

[Event "Tourn. n9234"]
[Site "www.chess-mail.com"]
[Date "2017.03.08"]
[Round "1"]
[White "Comrade"]
[Black "Piriot"]
[WhiteElo "2280"]
[BlackElo "2360"]
[Result "0-1"]
[Round "1"]
1.c4 c5
2.Nb1c3 Nb8c6
3.g3 g6
4.Bf1g2 Bf8g7
5.Ng1f3 Ng8f6
6.O-O O-O
7.d3 d5
8.cxd5 Nf6xd5
9.Nc3xd5 Qd8xd5
10.Nf3d2 Qd5h5
11.Bg2f3 Bc8g4
12.Bf3h1 Bg4xe2
13.Qd1e1 Nc6d4
14.f3 Be2xf1
15.Qe1xf1 Nd4c2
16.Ra1b1 Bg7d4
17.Kg2 Nc2e3
{ resign }
0-1

[Event "Tourn. n9200"]
[Site "www.chess-mail.com"]
[Date "2017.03.08"]
[Round "1"]
[White "Albertf"]
[Black "Crull"]
[WhiteElo "1790"]
[BlackElo "1820"]
[Result "1-0"]
[Round "1"]
1.e4 c5
2.Ng1f3 Nb8c6
3.d4 e6
4.dxc5 Bf8xc5
5.Nb1c3 Ng8f6
6.Bf1c4 O-O
7.Bc1g5 Nc6a5
8.Bc4b3 Na5xb3
9.axb3 Bc5e7
10.O-O b6
11.Qd1d2 Bc8b7
12.Bg5xf6 Be7xf6
13.Rf1d1 Bb7c6
14.e5 Bf6h4
15.Qd2f4 Bc6xf3
16.Qf4xf3 f5
17.exf6 Rf8xf6
18.Qf3d3 Bh4xf2
19.Kh1 d5
20.Rd1f1 Qd8f8
21.Nc3b5 Ra8d8
22.Nb5xa7 Rd8d7
23.Na7c6 Rd7f7
24.Nc6e5 Rf7e7
25.Ne5g4 Re7f7
26.Ng4xf6 Rf7xf6
27.g3 Qf8a8
28.Ra1xa8 { resign }
1-0

[Event "Tourn. n9239"]
[Site "www.chess-mail.com"]
[Date "2017.03.08"]
[Round "1"]
[White "Autmich"]
[Black "Azulmarino"]
[WhiteElo "1670"]
[BlackElo "1430"]
[Result "1-0"]
[Round "1"]
1.e4 d5
2.exd5 Qd8xd5
3.Nb1c3 Qd5e5
4.Bf1e2 Bc8g4
5.d4 Qe5e6
6.Bc1e3 Ng8f6
7.Ng1f3 h6
8.O-O Bg4h3
9.Nf3e5 Nb8d7
10.Ne5xd7 Qe6xd7
11.gxh3 Qd7xh3
12.Be2f3 h5
13.Bf3g2 Qh3f5
14.Qd1d3 Qf5e6
15.Qd3b5 Qe6c6
16.Bg2xc6 bxc6
17.Qb5xc6 Kd8
18.Qc6xa8 Kd7
19.Nc3d5 Nf6e8
20.Qa8xa7 e6
21.Nd5b6 { resign }
1-0

[Event "Tourn. n9259"]
[Site "www.chess-mail.com"]
[Date "2017.03.08"]
[Round "1"]
[White "Libiesse"]
[Black "Estonia"]
[WhiteElo "1810"]
[BlackElo "2050"]
[Result "1/2-1/2"]
[Round "1"]
1.d4 Ng8f6
2.c4 e6
3.Ng1f3 d5
4.Bc1g5 c6
5.cxd5 cxd5
6.Nb1c3 Bf8e7
7.e3 Nb8c6
8.Bf1d3 h6
9.Bg5h4 Nf6g4
10.Bh4xe7 Qd8xe7
11.O-O f5
12.a3 Bc8d7
13.b4 O-O
14.Qd1e2 Ng4f6
15.Rf1c1 Nf6e4
16.Ra1a2 a6
17.Ra2c2 Ne4xc3
18.Rc2xc3 Ra8c8
19.Nf3d2 { draw }
1/2-1/2

[Event "Tourn. n9120"]
[Site "www.chess-mail.com"]
[Date "2017.03.08"]
[Round "1"]
[White "Albertf"]
[Black "Genius3"]
[WhiteElo "1790"]
[BlackElo "1860"]
[Result "0-1"]
[Round "1"]
1.d4 Ng8f6
2.c4 g6
3.Nb1c3 d5
4.e3 Bf8g7
5.Ng1f3 O-O
6.Bf1d3 dxc4
7.Bd3xc4 c6
8.Nf3e5 Nb8d7
9.Ne5xf7 Rf8xf7
10.Bc4xf7 Kxf7
11.Qd1f3 Kg8
12.O-O e5
13.dxe5 Nd7xe5
14.Qf3e2 Bc8f5
15.Rf1d1 Qd8e7
16.b3 Ra8d8
17.Bc1b2 Ne5d3
18.Rd1d2 Nd3c5
19.Ra1d1 Rd8xd2
20.Qe2xd2 h5
21.Nc3e2 Kh7
22.Bb2a3 Qe7e5
23.Ba3b2 Qe5c7
24.Ne2d4 Bf5c8
25.b4 Nc5e6
26.a3 Ne6xd4
27.Bb2xd4 Bc8f5
28.a4 Nf6g4
29.g3 Ng4e5
30.Bd4xe5 Bg7xe5
31.f4 Be5g7
32.e4 Bf5xe4
33.Qd2d7 Qc7b6
34.Kf1 Qb6e3
35.Qd7d2 Qe3f3
{ resign }
0-1

[Event "Tourn. n9207"]
[Site "www.chess-mail.com"]
[Date "2017.03.08"]
[Round "1"]
[White "Winston"]
[Black "Falcoale"]
[WhiteElo "1800"]
[BlackElo "1870"]
[Result "0-1"]
[Round "1"]
1.e4 c5
2.Ng1f3 Nb8c6
3.d4 cxd4
4.Nf3xd4 a6
5.Nb1c3 Ng8f6
6.Nd4xc6 bxc6
7.Bf1c4 e6
8.O-O Bc8b7
9.Rf1e1 Bf8e7
10.Bc1g5 h6
11.Bg5h4 d5
12.exd5 cxd5
13.Bc4b3 O-O
14.Qd1d4 Ra8c8
15.Bh4g3 Be7c5
16.Qd4d2 d4
17.Nc3e4 Nf6xe4
{ resign }
0-1

[Event "Tourn. n9262"]
[Site "www.chess-mail.com"]
[Date "2017.03.08"]
[Round "1"]
[White "Ffdd65"]
[Black "Bojan"]
[WhiteElo "2130"]
[BlackElo "2010"]
[Result "1-0"]
[Round "1"]
1.e4 e5
2.Ng1f3 d6
3.Bf1e2 g5
4.d4 h6
5.dxe5 dxe5
6.Qd1xd8 Kxd8
7.Nf3xe5 Ke7
8.Bc1e3 Bf8g7
9.Be3d4 Ng8f6
10.Nb1c3 c6
11.Be2c4 Bc8e6
12.Bc4xe6 Kxe6
13.Ne5d3 b6
14.f4 Rh8d8
15.f5 Ke7
16.Bd4xf6 Bg7xf6
17.e5 Bf6h8
18.f6 Ke6
19.O-O-O Nb8d7
20.Rh1e1 Nd7f8
21.Rd1d2 Nf8g6
22.Re1d1 a5
23.Nd3c5 Kxe5
24.Rd2xd8 Ra8xd8
25.Rd1xd8 Bh8xf6
26.Nc5d3 Kf5
27.Rd8d6 Ng6e5
28.Nd3xe5 { resign }
1-0

[Event "Match"]
[Site "www.echecsemail.com"]
[Date "2017.03.08"]
[Round "1"]
[White "Aiko1603"]
[Black "Sonfamen"]
[WhiteElo "1900"]
[BlackElo "1809"]
[Result "1-0"]
[Round "1"]
1.c4 g6
2.Nb1c3 Bf8g7
3.g3 c6
4.Bf1g2 e5
5.d3 Qd8c7
6.Ng1f3 d6
7.O-O Bc8e6
8.Bc1g5 Nb8d7
9.a3 f6
10.Bg5e3 Ng8e7
11.Nc3e4 d5
12.cxd5 Ne7xd5
13.Be3d2 b6
14.Ra1c1 h6
15.Ne4c3 Nd5xc3
16.Bd2xc3 O-O
17.b4 b5
18.Nf3d2 Ra8c8
19.e3 f5
20.Bc3a1 Nd7b8
21.Nd2b3 Rf8d8
22.Nb3c5  { time }
1-0

[Event "Match"]
[Site "www.echecsemail.com"]
[Date "2017.03.08"]
[Round "1"]
[White "Mitja"]
[Black "Bojan"]
[WhiteElo "1910"]
[BlackElo "1990"]
[Result "0-1"]
[Round "1"]
1.d4 c6
2.e3 d6
3.h3 Bc8e6
4.Ng1f3 h6
5.c3 Be6d5
6.Nb1d2 b5
7.b4 a5
8.a3 axb4
9.cxb4 Nb8d7
10.Bc1b2 Ng8f6
11.Bf1e2 e5
12.dxe5 Nd7xe5
13.O-O Qd8e7
14.Rf1e1 Qe7e6
15.Nf3xe5 dxe5
16.Nd2f3 Bf8d6
17.Nf3h2 e4
18.Nh2f1 O-O
19.Qd1c2 Nf6h7
20.Kh1 Nh7g5
21.Be2g4 Qe6g6
22.h4 Ng5h7
23.Bg4h3 Nh7f6
24.g3 Rf8d8
25.Nf1h2 h5
26.Bb2xf6 Qg6xf6
27.Bh3g2 Qf6f5
28.Kg1 Bd6e5
29.Nh2f1 Be5xa1
30.Re1xa1 Ra8a6
31.Nf1d2 Qf5g6
32.Nd2xe4 Rd8e8
33.Ra1c1 Bd5xe4
{ resign }
0-1

[Event "Match"]
[Site "www.echecsemail.com"]
[Date "2017.03.08"]
[Round "1"]
[White "Luke1302"]
[Black "Coraza"]
[WhiteElo "1449"]
[BlackElo "1770"]
[Result "0-1"]
[Round "1"]
1.d4 d5
2.Qd1d2 e6
3.e3 Ng8f6
4.Bf1e2 Nf6e4
5.Be2b5 c6
6.Qd2d3 Qd8f6
7.Ng1h3 e5
8.f3 Ne4d6
9.e4 cxb5
10.Bc1g5 Qf6e6
11.dxe5 Qe6xe5
12.Qd3a3 Nd6c4
13.Qa3b3 Bc8d7
14.Bg5f4 Qe5e6
15.Nh3g5 Qe6e7
16.Bf4xb8 Qe7xg5
17.g3 Ra8xb8
18.Qb3d3 Nc4xb2
19.Qd3c3 Nb2c4
20.Qc3d3 Qg5c1
21.Kf2 Qc1xh1
22.Qd3d4 Qh1xh2
23.Ke1 Qh2xg3
24.Ke2 Nc4e5
25.f4 Bd7g4
26.Kd2 Qg3xf4
27.Kc3 b4
28.Kb3 Qf4f3
29.c3 Ne5c6
30.Qd4g1 Nc6a5
31.Kb2 Qf3e2
32.Kc1 Na5c4
33.Qg1xa7 Qe2d1

0-1

[Event "Match"]
[Site "www.echecsemail.com"]
[Date "2017.03.08"]
[Round "1"]
[White "Midknightblu"]
[Black "Sonny1000"]
[WhiteElo "1499"]
[BlackElo "1300"]
[Result "1-0"]
[Round "1"]
1.e4 e5
2.Ng1f3 f6
3.Nb1c3 c6
4.Bf1c4 Bf8c5
5.O-O Nb8a6
6.Bc4xa6 bxa6
7.d3 Bc5xf2
8.Rf1xf2 Qd8b6
9.Nf3h4 g5
10.Nh4f5 Kf7
11.Nf5d6 Kg6
12.h4 Ng8h6
13.h5 Kg7
14.Qd1f3 g4
15.Qf3xf6 Kg8
16.Qf6f8 
1-0

[Event "Match"]
[Site "www.echecsemail.com"]
[Date "2017.03.08"]
[Round "1"]
[White "Mitja"]
[Black "Bojan"]
[WhiteElo "1910"]
[BlackElo "1990"]
[Result "0-1"]
[Round "1"]
1.g3 d5
2.Bf1g2 c6
3.d4 h6
4.e3 Ng8f6
5.c3 Nf6h7
6.Ng1f3 Qd8b6
7.O-O Bc8g4
8.Nb1d2 Nb8d7
9.Qd1b3 Nh7g5
10.Qb3xb6 axb6
11.b3 b5
12.b4 Nd7b6
13.a3 Nb6a4
14.Nf3xg5 hxg5
15.Nd2b1 Bg4f5
16.Bc1d2 Bf5d3
17.Rf1e1 f6
18.Bg2f1 Bd3f5
19.Bf1e2 e6
20.f3 Bf8d6
21.f4 gxf4
22.exf4 Ke7
23.Be2f3 Ra8g8
24.Kg2 Na4b2
25.Re1h1 b6
26.Ra1a2 Nb2c4
27.Bf3e2 e5
28.dxe5 fxe5
29.fxe5 Bd6xe5
30.Bd2g5 Kd7
31.h4 Rg8e8
32.Rh1f1 Rh8f8
33.Rf1e1 Be5d6
34.Nb1d2 Nc4e3
35.Bg5xe3 Re8xe3
36.Nd2b1 Re3xg3
{ resign }
0-1

[Event "Match"]
[Site "www.echecsemail.com"]
[Date "2017.03.08"]
[Round "1"]
[White "Iko"]
[Black "Yaw1"]
[WhiteElo "1650"]
[BlackElo "1809"]
[Result "1-0"]
[Round "1"]
1.e4 e5
2.Ng1f3 Nb8c6
3.Bf1b5 Ng8e7
4.b3 a6
5.Bb5xc6 Ne7xc6
6.Bc1b2 d6
7.O-O Bc8g4
8.h3 Bg4h5
9.g4 Bh5g6
10.h4 h6
11.h5 Bg6xe4
12.Nb1c3 Be4xf3
13.Qd1xf3 Nc6d4
14.Qf3e4 c6
15.Nc3a4 Nd4e6
16.Qe4b4 b5
17.Na4c3 d5
18.Nc3xd5 Bf8xb4
19.Nd5xb4 Qd8xd2
20.Bb2xe5 Qd2xb4
21.c3 Qb4c5
22.Rf1e1  { time }
1-0

[Event "Match"]
[Site "www.echecsemail.com"]
[Date "2017.03.08"]
[Round "1"]
[White "Darknight"]
[Black "Irene"]
[WhiteElo "1730"]
[BlackElo "2150"]
[Result "1-0"]
[Round "1"]
1.e4 e5
2.Bf1c4 a6
3.a3 b5
4.Bc4a2 Bc8b7
5.d3 Ng8f6
6.Bc1g5 Bf8e7
7.h4 h6
8.Bg5xf6 Be7xf6
9.Qd1h5 g6
10.Qh5f3 Bf6xh4
11.Qf3xf7 
1-0

[Event "Match"]
[Site "www.echecsemail.com"]
[Date "2017.03.08"]
[Round "1"]
[White "Ztornad"]
[Black "Gilliere"]
[WhiteElo "1720"]
[BlackElo "2060"]
[Result "0-1"]
[Round "1"]
1.Ng1f3 Ng8f6
2.Nb1c3 e6
3.a3 d5
4.Nf3e5 Bf8e7
5.e3 O-O
6.Bf1d3 Nb8d7
7.Ne5g4 Nf6xg4
8.Qd1xg4 Nd7f6
9.Qg4e2 b6
10.Qe2f3 Bc8b7
11.Qf3h3 h6
12.Bd3e2 Ra8b8
13.d4 Bb7c8
14.Nc3b5 e5
15.g4 a6
16.Nb5a7 Bc8b7
 { time }
0-1

[Event "Match"]
[Site "www.echecsemail.com"]
[Date "2017.03.08"]
[Round "1"]
[White "Silent1"]
[Black "Silence"]
[WhiteElo "1920"]
[BlackElo "1809"]
[Result "1-0"]
[Round "1"]
1.d4 f5
2.e4 fxe4
3.Nb1c3 Ng8f6
4.Bc1g5 g6
5.Bg5xf6 exf6
6.Nc3xe4 f5
7.Ne4c3 Qd8e7
8.Qd1e2 d6
9.Qe2xe7 Bf8xe7
10.O-O-O  { time }
1-0

[Event "1/16 Finale"]
[Site "www.chess-mail.com"]
[Date "2017.03.08"]
[Round "1"]
[White "Hennie4820"]
[Black "Sportuga"]
[WhiteElo "2080"]
[BlackElo "2410"]
[Result "0-1"]
[Round "1"]
1.e4 c6
2.d4 d5
3.f3 a6
4.Bc1e3 e6
5.c4 Bf8b4
6.Nb1c3 dxe4
7.fxe4 Qd8h4
8.g3 Qh4xe4
9.Qd1f3 Ng8f6
10.Kf2 Nf6g4
11.Ke2 Qe4g6
12.Ng1h3 e5
13.Ra1d1 Bb4xc3
14.bxc3 Ng4xh2
15.Rh1xh2 Bc8g4
{ resign }
0-1

[Event "1/128 Finale"]
[Site "www.chess-mail.com"]
[Date "2017.03.08"]
[Round "1"]
[White "Mechjoura"]
[Black "Bluetealeaf"]
[WhiteElo "1809"]
[BlackElo "1730"]
[Result "1-0"]
[Round "1"]
1.e4 e5
2.Ng1f3 f6
3.Nf3xe5 fxe5
4.Qd1h5 Ke7
5.Qh5xe5 Kf7
6.Bf1c4 d5
7.Bc4xd5 Kg6
8.Qe5g3 Qd8g5
9.Qg3f3 Ng8e7
10.h4 Qg5e5
11.h5 { resign }
1-0

[Event "Fast Game"]
[Site "www.echecsemail.com"]
[Date "2017.03.08"]
[Round "1"]
[White "Pellix84"]
[Black "Hennie4820"]
[WhiteElo "1580"]
[BlackElo "1640"]
[Result "0-1"]
[Round "1"]
1.d4 Ng8f6
2.Ng1f3 g6
3.Nb1d2 Bf8g7
4.e4 d6
5.Bf1d3 O-O
6.O-O Nb8d7
7.c4 e5
8.d5 Nd7c5
9.Nd2b3 Nc5xe4
10.Bc1g5 Ne4xg5
11.Nf3xg5 h6
12.Ng5e4 Nf6xe4
13.Bd3xe4 f5
14.Be4c2 e4
15.Qd1c1 Qd8f6
16.Ra1b1 Bc8d7
17.c5 a5
18.Qc1d2 a4
19.Nb3a5 b6
20.cxb6 cxb6
21.Na5c6 Rf8c8
22.Qd2b4 Bd7xc6
23.dxc6 Rc8xc6
24.Bc2xa4 Rc6c5
25.Rf1d1 d5
26.Ba4b3 Ra8d8
27.a4 Kh8
28.a5 d4
29.axb6 Rc5c8
30.b7 Rc8b8
31.Rb1a1 Qf6c6
32.Ra1a7 Rd8d7
33.Bb3a4 Rd7xb7
34.Qb4xb7 Qc6xb7
35.Ra7xb7 Rb8xb7
36.b3 d3
37.Kf1 Kg8
38.f3 Kf7
39.fxe4 fxe4
40.Kf2 Ke6
41.Ke3 Kd5
42.Rd1c1 Bg7d4
43.Kf4 Rb7f7
44.Kg3 e3
45.b4 d2
46.Rc1a1 Bd4xa1
{ resign }
0-1

[Event "Tourn. n9243"]
[Site "www.chess-mail.com"]
[Date "2017.03.09"]
[Round "1"]
[White "Orhany24"]
[Black "Actmy"]
[WhiteElo "2220"]
[BlackElo "2330"]
[Result "0-1"]
[Round "1"]
1.e4 Ng8f6
2.Nb1c3 e5
3.Ng1f3 Nb8c6
4.Bf1c4 Bf8b4
5.d3 h6
6.Bc1d2 O-O
7.O-O d6
8.h3 a6
9.a3 Bb4c5
10.b4 Bc5a7
11.Nc3d5 Nf6xd5
12.Bc4xd5 Nc6e7
13.Bd5b3 c6
14.c4 Kh8
15.Qd1e2 f5
16.exf5 Bc8xf5
17.Bd2e3 Ba7xe3
18.fxe3 a5
19.e4 Bf5e6
20.d4 Ne7g6
21.d5 Ng6f4
22.Qe2e3 cxd5
23.cxd5 Be6d7
24.Nf3h4 Qd8xh4
25.Ra1c1 Bd7xh3
{ resign }
0-1

[Event "Tourn. n9277"]
[Site "www.chess-mail.com"]
[Date "2017.03.09"]
[Round "1"]
[White "Sae80"]
[Black "Mrjordan"]
[WhiteElo "1419"]
[BlackElo "1619"]
[Result "1-0"]
[Round "1"]
1.e4 e5
2.Ng1f3 f6
3.Bf1c4 c6
4.Nf3xe5 b5
5.Qd1h5 g6
6.Ne5xg6 hxg6
7.Qh5xh8 Ng8h6
8.Bc4b3 d6
9.Qh8h7 g5
10.h4 Qd8e7
11.Qh7xe7 Bf8xe7
12.hxg5 Nh6g4
13.Rh1h8 Kd7
14.g6 { resign }
1-0

[Event "Tourn. n9219"]
[Site "www.chess-mail.com"]
[Date "2017.03.09"]
[Round "1"]
[White "Pdebonis"]
[Black "Jazzy"]
[WhiteElo "2390"]
[BlackElo "2340"]
[Result "1-0"]
[Round "1"]
1.d4 Ng8f6
2.c4 c5
3.d5 b5
4.cxb5 a6
5.bxa6 g6
6.Nb1c3 Bf8g7
7.e4 O-O
8.Ng1f3 d6
9.a7 Ra8xa7
10.a4 Nb8a6
11.Bf1e2 Na6b4
12.O-O Bc8a6
13.Bc1g5 Ba6xe2
14.Qd1xe2 Nf6d7
15.Qe2d2 Nd7e5
16.Nf3xe5 Bg7xe5
17.Nc3b5 Ra7b7
18.f4 Be5g7
19.f5 Qd8b6
20.Ra1a3 Rf8c8
21.fxg6 hxg6
22.Ra3h3 f6
23.Bg5h6 g5
24.Bh6xg5 fxg5
25.Qd2xg5 c4
26.Kh1 Nb4d3
27.Qg5f5 { resign }
1-0

[Event "Tourn. n9207"]
[Site "www.chess-mail.com"]
[Date "2017.03.09"]
[Round "1"]
[White "Genius9"]
[Black "Aiko1603"]
[WhiteElo "1720"]
[BlackElo "1840"]
[Result "0-1"]
[Round "1"]
1.e4 c5
2.Ng1f3 Nb8c6
3.d4 cxd4
4.Nf3xd4 g6
5.c4 Bf8g7
6.Bc1e3 d6
7.Nb1c3 Ng8f6
8.Bf1e2 O-O
9.O-O a6
10.Qd1d2 Nc6e5
11.b3 Nf6g4
12.Be2xg4 Bc8xg4
13.h3 Bg4d7
14.Ra1c1 Ne5c6
15.Nc3d5 Nc6xd4
16.Be3xd4 Bg7xd4
17.Qd2xd4 e5
18.Qd4e3 Bd7c6
19.Rf1d1 Bc6xd5
20.cxd5 Qd8a5
21.Qe3e2 Ra8c8
22.Rc1xc8 Rf8xc8
23.Qe2d2 { time. }
0-1

[Event "Tourn. n9189"]
[Site "www.chess-mail.com"]
[Date "2017.03.09"]
[Round "1"]
[White "Picifarkinca"]
[Black "Genius9"]
[WhiteElo "1750"]
[BlackElo "1620"]
[Result "1-0"]
[Round "1"]
1.e4 c5
2.Ng1f3 d6
3.d4 cxd4
4.Nf3xd4 Ng8f6
5.Bf1d3 g6
6.O-O Bf8g7
7.c3 O-O
8.Kh1 a6
9.a4 Nb8c6
10.Nd4c2 Nc6e5
11.Nc2e3 Ne5xd3
12.Qd1xd3 Bc8e6
13.Ne3d5 Be6xd5
14.exd5 Ra8c8
15.Nb1d2 Nf6d7
16.Nd2f3 Nd7c5
17.Qd3e2 Nc5b3
18.Ra1b1 Nb3xc1
19.Rf1xc1 Bg7f6
20.c4 Qd8d7
21.b3 b5
22.axb5 axb5
23.cxb5 Rc8xc1
{ time. }
1-0

[Event "Tourn. n9200"]
[Site "www.chess-mail.com"]
[Date "2017.03.09"]
[Round "1"]
[White "Genius9"]
[Black "Albertf"]
[WhiteElo "1720"]
[BlackElo "1790"]
[Result "0-1"]
[Round "1"]
1.d4 d5
2.c4 e6
3.Nb1c3 dxc4
4.e4 c6
5.Bf1xc4 Bf8b4
6.Ng1e2 Ng8f6
7.O-O O-O
8.Bc1g5 Bb4e7
9.e5 Nf6d7
10.Bg5xe7 Qd8xe7
11.Nc3e4 b5
12.Bc4d3 Bc8b7
13.Ne4d6 Nd7b6
14.Ne2g3 Nb6c8
15.Nd6xb7 Qe7xb7
16.Ng3e4 Qb7d7
17.Qd1h5 f5
18.exf6 { time. }
0-1

[Event "Tourn. n9199"]
[Site "www.chess-mail.com"]
[Date "2017.03.09"]
[Round "1"]
[White "Genius3"]
[Black "Osopanda"]
[WhiteElo "1930"]
[BlackElo "2030"]
[Result "0-1"]
[Round "1"]
1.e4 c5
2.Nb1c3 d6
3.Ng1f3 Nb8c6
4.Bf1b5 Bc8d7
5.O-O e6
6.d3 Ng8f6
7.Rf1e1 Bf8e7
8.h3 O-O
9.a3 a6
10.Bb5xc6 bxc6
11.b3 e5
12.Bc1b2 Qd8c7
13.Qd1d2 Bd7e6
14.Nf3g5 d5
15.Ng5xe6 fxe6
16.f3 c4
17.dxc4 d4
18.Nc3e2 c5
19.Ne2g3 { time. }
0-1

[Event "Tourn. n9206"]
[Site "www.chess-mail.com"]
[Date "2017.03.09"]
[Round "1"]
[White "Osmundw"]
[Black "Traub"]
[WhiteElo "1440"]
[BlackElo "1380"]
[Result "0-1"]
[Round "1"]
1.e4 d5
2.Nb1c3 d4
3.Nc3d5 e6
4.Nd5f4 e5
5.Nf4d5 c6
6.Nd5b4 Bf8xb4
7.c3 dxc3
8.bxc3 Bb4a5
9.Ng1f3 Qd8d6
10.d4 exd4
11.Nf3xd4 Ba5xc3
12.Bc1d2 Qd6xd4
13.Bf1d3 Bc3xa1
14.Rh1f1 Ng8f6
15.Bd2f4 Ba1c3
16.Ke2 O-O
17.Qd1c2 Rf8e8
18.f3 Nf6xe4
19.fxe4 Bc8g4
{ resign }
0-1

[Event "Tourn. n9202"]
[Site "www.chess-mail.com"]
[Date "2017.03.09"]
[Round "1"]
[White "Amaya"]
[Black "Picifarkinca"]
[WhiteElo "2090"]
[BlackElo "1810"]
[Result "0-1"]
[Round "1"]
1.d4 Ng8f6
2.e3 d5
3.Bf1d3 e6
4.Nb1d2 c5
5.c3 Nb8c6
6.f4 cxd4
7.cxd4 Bf8b4
8.Ng1f3 O-O
9.O-O a6
10.Nf3e5 Bb4xd2
11.Bc1xd2 Qd8b6
12.b3 Bc8d7
13.Qd1f3 Ra8c8
14.g4 Bd7e8
15.g5 Nf6e4
16.Bd3xe4 dxe4
17.Qf3h5 f6
18.Ne5d7 Be8xd7
19.gxf6 Rf8xf6
20.Kh1 Rf6f5
21.Qh5g4 Nc6e7
22.Rf1g1 g6
23.Qg4h4 Ne7d5
24.Rg1g2 Qb6d8
25.Qh4h6 Qd8f6
26.Ra1g1 Bd7e8
27.Bd2e1 Rc8c1
28.Be1h4 Rc1xg1
29.Rg2xg1 Qf6g7
30.Bh4g5 Qg7xh6
31.Bg5xh6 Be8b5
32.Rg1c1 Bb5c6
33.a3 Nd5xe3
34.a4 Ne3g4
35.Bh6g5 h6
{ resign }
0-1

[Event "Tourn. n9185"]
[Site "www.chess-mail.com"]
[Date "2017.03.09"]
[Round "1"]
[White "Nimzo"]
[Black "Conde7"]
[WhiteElo "2650"]
[BlackElo "2890"]
[Result "1/2-1/2"]
[Round "1"]
1.d4 d5
2.c4 dxc4
3.e4 e5
4.Ng1f3 exd4
5.Bf1xc4 Nb8c6
6.Qd1b3 Bf8b4
7.Nb1d2 Qd8f6
8.O-O Ng8e7
9.e5 Qf6g6
10.Nf3h4 Qg6h5
11.Nd2f3 a5
12.a3 a4
13.Qb3c2 Bb4a5
14.Qc2xa4 h6
15.b4 g5
16.bxa5 gxh4
17.Nf3xd4 Rh8g8
18.e6 Bc8xe6
19.Bc4xe6 Ra8xa5
20.Qa4d1 Nc6xd4
21.Be6h3 Qh5xd1
22.Rf1xd1 Ra5d5
23.Bc1xh6 { draw }
1/2-1/2

[Event "Tourn. n9273"]
[Site "www.chess-mail.com"]
[Date "2017.03.09"]
[Round "1"]
[White "Autmich"]
[Black "Sozaro"]
[WhiteElo "1700"]
[BlackElo "1699"]
[Result "0-1"]
[Round "1"]
1.e4 e5
2.Ng1f3 Nb8c6
3.Bf1b5 Ng8f6
4.Nb1c3 Bf8b4
5.d3 Nc6d4
6.Bb5a4 b5
7.Ba4b3 d6
8.Bc1e3 Bc8g4
9.Be3xd4 exd4
10.a3 Bb4a5
11.O-O dxc3
12.bxc3 Ba5xc3
13.Ra1b1 O-O
14.h3 Bg4xf3
15.Qd1xf3 a5
{ resign }
0-1

[Event "Tourn. n9213"]
[Site "www.chess-mail.com"]
[Date "2017.03.09"]
[Round "1"]
[White "Osopanda"]
[Black "Genius3"]
[WhiteElo "2040"]
[BlackElo "1970"]
[Result "1-0"]
[Round "1"]
1.d4 f5
2.g3 Ng8f6
3.Bf1g2 d5
4.b3 e6
5.Ng1f3 Bf8d6
6.O-O O-O
7.Bc1b2 Qd8e7
8.Nb1d2 Nf6e4
9.e3 c6
10.c4 Nb8d7
11.Nd2xe4 fxe4
12.Nf3e5 Nd7xe5
13.dxe5 Bd6c7
14.Qd1c1 Bc8d7
15.Bb2a3 Qe7f7
16.cxd5 exd5
{ time. }
1-0

[Event "Tourn. n9281"]
[Site "www.chess-mail.com"]
[Date "2017.03.09"]
[Round "1"]
[White "Autmich"]
[Black "Chessington"]
[WhiteElo "1690"]
[BlackElo "1499"]
[Result "0-1"]
[Round "1"]
1.e4 e6
2.d4 d5
3.Nb1c3 Ng8f6
4.Bc1g5 Bf8b4
5.e5 h6
6.exf6 hxg5
7.fxg7 Rh8g8
8.a3 Bb4xc3
9.bxc3 Qd8f6
10.Bf1d3 Qf6xg7
11.Ng1f3 g4
12.Nf3e5 f6
13.Ne5g6 Qg7h6
14.h4 Rg8xg6
{ resign }
0-1

[Event "Match"]
[Site "www.echecsemail.com"]
[Date "2017.03.09"]
[Round "1"]
[White "Coraza"]
[Black "Llord"]
[WhiteElo "1770"]
[BlackElo "2020"]
[Result "0-1"]
[Round "1"]
1.c4 e5
2.Nb1c3 Bf8c5
3.Ng1f3 Nb8c6
4.g3 Ng8f6
5.Bf1g2 O-O
6.O-O d6
7.h3 h6
8.d3 Nf6d7
9.Bc1e3 Rf8e8
10.Qd1d2 Nc6d4
11.Be3xh6 gxh6
12.Qd2xh6 Nd4f5
13.Qh6h5 Nf5g7
14.Qh5h6 Ng7f5
15.Qh6d2 Bc5b4
16.g4 Nf5d4
17.Qd2g5 Qd8xg5
18.Nf3xg5 Bb4xc3
19.bxc3 Nd4xe2
20.Kh2 Ne2xc3
21.Bg2e4 Nd7f6
22.Be4f5 Nc3e2
23.Ra1e1 Ne2f4
24.Bf5e4 c6
25.Ng5f3 d5
26.cxd5 cxd5
27.Be4f5 Bc8xf5
28.gxf5 Nf4xd3
29.Rf1g1 Kh8
30.Re1e2 e4
31.Nf3h4 Nd3f4
32.Re2e3 d4
33.Re3g3 Nf4e2
34.Rg3b3 Ne2xg1
35.Kxg1 e3
36.fxe3 dxe3
37.Nh4g2 e2
38.Ng2e1 Nf6e4
39.Rb3b2 Ne4c3
40.Kf2 b6
41.Rb2c2 Nc3d1
42.Kf3 Nd1e3
43.Rc2xe2 Ne3xf5
44.Ne1g2 Re8xe2
45.Kxe2 Ra8c8
46.Ng2e1 Nf5d4
47.Ke3 Nd4c2
48.Ne1xc2 Rc8xc2
{ resign }
0-1